| 000 | 00429nam a2200157Ia 4500 | ||
|---|---|---|---|
| 008 | 210716s2010 xx 000 0 und d | ||
| 020 | _a9780070682016 | ||
| 041 | _aeng | ||
| 082 | _a174.4 MANS | ||
| 100 | _aMandal, S K. | ||
| 245 | _aEthics in business and corporate governance. | ||
| 250 | _a1 | ||
| 260 |
_aNew Delhi _bTata McGraw Hill Education Private Limited _c2010 |
||
| 300 | _axviii,369 | ||
| 650 | _aBusiness Ethics | ||
| 999 |
_c200843 _d200843 |
||